1393 1475 1831 1475 1752 1363 1298 1811 1616 1588 1385 1568 1947 1877 1547 1314 1389 1536 1904 1204 1212 1462 1720 1325 1709 1074 1636 1449 1742 1182 1558 1227 1285 1167 1775 1845 1940 1497 1580 1994 1736 1383 1712 1955 1157 1741 1632 1663 1733 1105 1202 1494 1257 1800 1814 1125 1863 1920 1340 1026 1010 1213 1737 1559 1707 1976 1614 1050 1461 1708 1644 1824 1341 1080 1618 1179 1875 1269 1269 1079 1492 1886 1526 1978 1787 1261 1517 1939 1828 1540 1125 1072 1111 1610 1170 1357 1746 1769 1180 BCNSPRNW ULIB Ver.6.0+V

เปลี่ยนเป็นภาษาไทย

Change to English
 แสดงรายละเอียดบรรณานุกรม
  กลับหน้าหลัก

Brief Record : Get Marc (ISO 2709) : E-mail record : QR code < ปิดหน้าต่าง
สารบัญ Review โดย ไม่พบชื่อเจ้าหน้าที่ห้องสมุด tot เมื่อ16/กุมภาพันธ์/2558
ทฤษฎีปฏิสัมพันธ์เชิงสัญลักษณ์ของครอบครัว
ทฤษฎีหน้าที่เชิงโครงสร้างของครอบครัว
ทฤษฎีพัฒนาการครอบครัว
ทฤษฎีความเครียดของครอบครัว
ทฤษฎีระบบครอบครัว
ทฤษฎีความขัดแย้งของครอบครัว
ทฤษฎีการแลกเปลี่ยนทางสังคมของครอบครัว
ทฤษฎีครอบครัวสตรีนิยม
ทฤษฎีสังคมชีววิทยาของครอบครัว

LEADER : 00000nam 2200000uu 4500
001    13399124270
003     ULIB
008    150216s2557th 000 0 tha d
020    ^a9786163741394
060  4 ^aWA308^bพ863ท
100 0  ^aพูนสุข เวชวิฐาน
245 10 ^aทฤษฎีครอบครัวเบื้องต้น =^bAn Introduction to Family Theories /^cพูนสุข เวชวิฐาน
250    ^aพิมพ์ครั้งที่ 1
260    ^aกรุงเทพฯ :^bภาพพิมพ์,^c2557.
300    ^a276 หน้า :^bภาพประกอบ ;^c21 ซม.
650  7 ^aครอบครัว
650  7 ^aสังคมศาสตร์
650  7 ^aทฤษฎีสังคม
945    ^p250^l0^i039206
945    ^p250^l0^i039207
945    ^p250^l0^i039208
945    ^p250^l0^i039209
945    ^p250^l0^i039210
945    ^p250^l0^i039304
945    ^p250^l0^i039305
945    ^p250^l0^i039306
945    ^p250^l0^i039307
945    ^p250^l0^i039308
999    ^aทศพร
รายการนี้ยังไม่มีแท็ก
คุณยังไม่ได้ล็อกอิน คุณสามารถมีกิจกรรมร่วมกับเว็บไซต์ได้ แต่ต้องล็อกอินก่อน ::
  ล็อกอิน

รายการสื่อสารสนเทศ

ลำดับที่ ประเภท เลขเรียก/บาร์โค้ด สถานที่ สถานะ
1. วิทยาศาสตร์การแพทย์ และสุขภาพ
วิทยาศาสตร์การแพทย์ และสุขภาพ
สถานะ=หนังสือเก่า
WA308 พ863ท ฉ.1 
  Barcode: 039206
ห้องสมุดวิทยาเขตสวรรค์ประชารักษ์
►ส่วนจัดเก็บหนังสือเก่า สปร
บนชั้น
  ขอยืม
2. วิทยาศาสตร์การแพทย์ และสุขภาพ
วิทยาศาสตร์การแพทย์ และสุขภาพ
สถานะ=หนังสือเก่า
WA308 พ863ท ฉ.10 
  Barcode: 039308
ห้องสมุดวิทยาเขตสวรรค์ประชารักษ์
►ส่วนจัดเก็บหนังสือเก่า สปร
บนชั้น
  ขอยืม
3. วิทยาศาสตร์การแพทย์ และสุขภาพ
วิทยาศาสตร์การแพทย์ และสุขภาพ
สถานะ=หนังสือเก่า
WA308 พ863ท ฉ.2 
  Barcode: 039207
ห้องสมุดวิทยาเขตสวรรค์ประชารักษ์
►ส่วนจัดเก็บหนังสือเก่า สปร
บนชั้น
  ขอยืม
4. วิทยาศาสตร์การแพทย์ และสุขภาพ
วิทยาศาสตร์การแพทย์ และสุขภาพ
สถานะ=หนังสือเก่า
WA308 พ863ท ฉ.3 
  Barcode: 039208
ห้องสมุดวิทยาเขตสวรรค์ประชารักษ์
►ส่วนจัดเก็บหนังสือเก่า สปร
บนชั้น
  ขอยืม
5. วิทยาศาสตร์การแพทย์ และสุขภาพ
วิทยาศาสตร์การแพทย์ และสุขภาพ
สถานะ=หนังสือเก่า
WA308 พ863ท ฉ.4 
  Barcode: 039209
ห้องสมุดวิทยาเขตสวรรค์ประชารักษ์
►ส่วนจัดเก็บหนังสือเก่า สปร
บนชั้น
  ขอยืม
6. วิทยาศาสตร์การแพทย์ และสุขภาพ
วิทยาศาสตร์การแพทย์ และสุขภาพ
สถานะ=หนังสือเก่า
WA308 พ863ท ฉ.5 
  Barcode: 039210
ห้องสมุดวิทยาเขตสวรรค์ประชารักษ์
►ส่วนจัดเก็บหนังสือเก่า สปร
บนชั้น
  ขอยืม
7. วิทยาศาสตร์การแพทย์ และสุขภาพ
วิทยาศาสตร์การแพทย์ และสุขภาพ
สถานะ=หนังสือเก่า
WA308 พ863ท ฉ.6 
  Barcode: 039304
ห้องสมุดวิทยาเขตสวรรค์ประชารักษ์
►ส่วนจัดเก็บหนังสือเก่า สปร
บนชั้น
  ขอยืม
8. วิทยาศาสตร์การแพทย์ และสุขภาพ
วิทยาศาสตร์การแพทย์ และสุขภาพ
WA308 พ863ท ฉ.7 
  Barcode: 039305
ห้องสมุดวิทยาเขตสวรรค์ประชารักษ์
►หนังสือทั่วไป
บนชั้น
9. วิทยาศาสตร์การแพทย์ และสุขภาพ
วิทยาศาสตร์การแพทย์ และสุขภาพ
สถานะ=หนังสือเก่า
WA308 พ863ท ฉ.8 
  Barcode: 039306
ห้องสมุดวิทยาเขตสวรรค์ประชารักษ์
►ส่วนจัดเก็บหนังสือเก่า สปร
บนชั้น
  ขอยืม
10. วิทยาศาสตร์การแพทย์ และสุขภาพ
วิทยาศาสตร์การแพทย์ และสุขภาพ
สถานะ=หนังสือเก่า
WA308 พ863ท ฉ.9 
  Barcode: 039307
ห้องสมุดวิทยาเขตสวรรค์ประชารักษ์
►ส่วนจัดเก็บหนังสือเก่า สปร
บนชั้น
  ขอยืม

รายการใกล้เคียง
    ผู้แต่ง [พูนสุข เวชวิฐาน]

    หัวเรื่อง [ครอบครัว]
    หัวเรื่อง [สังคมศาสตร์]
    หัวเรื่อง [ทฤษฎีสังคม]

BibComment


ยังไม่เคยถูกคอมเมนท์

คอมเมนท์ทรัพยากรรายการนี้
  คอมเมนท์: ทฤษฎีครอบครัวเบื..


 Copyright 2026. Bcnsprnw @Library